[Event "Zadar op"]
[Site "Zadar"]
[Date "1998.??.??"]
[Round "8"]
[White "Sulc, Gordana"]
[Black "Velcheva, Maria"]
[Result "0-1"]
[WhiteElo "2020"]
[BlackElo "2300"]

1.e4 c5 2.Nf3 Nc6 3.d4 cxd4 4.Nxd4 e6 5.Nb5 d6 6.c4 Nf6 7.N1c3 Be7 8.Be2 a6
9.Na3 O-O 10.Nc2 b6 11.O-O Bb7 12.f4 Qc7 13.Bd3 Nd7 14.Be3 Bf6 15.Qe1 Nc5
16.Bxc5 bxc5 17.Rf3 g6 18.g4 Rae8 19.Rh3 Bd4+ 20.Nxd4 Nxd4 21.f5 exf5 22.Qh4 f6
23.gxf5 g5 24.Qg4 Qf7 25.Rh5 Kg7 26.Kf2 h6 27.Rd1 Rh8 28.b3 Kf8 29.Rd2 Ke7
30.Bf1 Kd7 31.Bg2 Kc7 32.Bf3 Reg8 33.Bd1 Re8 34.Rh3 h5 35.Rxh5 Rxh5 36.Qxh5 Qxh5
37.Bxh5 Rh8 38.Bf3 Rxh2+ 39.Ke3 Rxd2  0-1

[Event "BL9899 (Women)"]
[Site "Germany"]
[Date "1999.01.17"]
[Round "8.1"]
[White "Paehtz, Elisabeth"]
[Black "Ioseliani, Nana"]
[Result "0-1"]
[WhiteElo "2230"]
[BlackElo "2495"]

1.e4 c5 2.Nf3 e6 3.d4 cxd4 4.Nxd4 Nc6 5.Nb5 d6 6.c4 a6 7.N5a3 Nf6 8.Nc3 Be7
9.Be2 O-O 10.O-O b6 11.Be3 Bb7 12.Qd2 Ne5 13.Qd4 Ned7 14.f3 Qc7 15.Qd2 Rac8
16.Rac1 Qb8 17.Rfd1 Bd8 18.Kh1 Bc7 19.Bg1 Rfe8 20.Rc2 Kh8 21.Bf1 Rg8 22.g3 Ne5
23.Bg2 Bc6 24.f4 Ned7 25.b4 Bb7 26.Rcc1 Bd8 27.Re1 Be7 28.Na4 Qa8 29.Nc3 Rgd8
30.Qb2 a5 31.bxa5 Qxa5 32.Ncb5 Nc5 33.Bxc5 dxc5 34.Re2 Rd3 35.Nb1 Rcd8 36.N1c3 Ng4
37.Rce1 Qa8 38.Nc7 Qc8 39.N7b5 R8d7 40.Qc1 Qd8 41.e5 Bxg2+ 42.Kxg2 Rd2 43.Kg1 Rxe2
44.Rxe2 Kg8 45.Re1 Rd2 46.Re2 Rxe2 47.Nxe2 Qd3 48.Nec3 Ne3 49.Qe1 g5 50.Qe2 Qxe2
51.Nxe2 Nxc4 52.Kf2 gxf4 53.gxf4 f6 54.exf6 Bxf6 55.Ng3 Bb2 56.Ne4 Bc1 57.Kg3 h6
58.Nf6+ Kf7 59.Ng4 Kg6 60.Nf2 Kf5 61.Nd3 Be3 62.Kf3 Bd4 63.h3 e5 64.fxe5 Nxe5+
65.Nxe5 Kxe5 66.Na3 Kd5 67.Kf4 Bb2  0-1

[Event "Nova Gorica op"]
[Site "Nova Gorica"]
[Date "1999.01.30"]
[Round "3"]
[White "Srebrnic, Vojko"]
[Black "Romanishin, Oleg M"]
[Result "0-1"]
[WhiteElo "2248"]
[BlackElo "2572"]

1.e4 c5 2.Nf3 e6 3.d4 cxd4 4.Nxd4 Nc6 5.Nb5 d6 6.Bf4 e5 7.Be3 a6 8.N5c3 Nf6
9.Bg5 Be7 10.Bxf6 Bxf6 11.Nd5 O-O 12.Nbc3 Be6 13.h4 Rc8 14.g3 Nd4 15.Bd3 Be7
16.Ne3 Qe8 17.Ncd5 Bd8 18.c3 f5 19.cxd4 exd4 20.O-O dxe3 21.Nxe3 f4 22.Nf5 Qd7
23.Rc1 Rxc1 24.Qxc1 g6 25.Nd4 Bh3 26.Rd1 fxg3 27.fxg3 Qg4  0-1

[Event "Yangon schev"]
[Site "Yangon"]
[Date "1999.02.05"]
[Round "6"]
[White "Zaw Winlay"]
[Black "Al Modiahki, Mohamad"]
[Result "0-1"]
[WhiteElo "2565"]
[BlackElo "2530"]

1.e4 c5 2.Nf3 e6 3.d4 cxd4 4.Nxd4 Nc6 5.Nb5 d6 6.c4 Nf6 7.N1c3 a6 8.Na3 b6
9.Be2 Bb7 10.Be3 Nb8 11.f3 Nbd7 12.O-O Be7 13.Qd2 O-O 14.Rfd1 Rc8 15.Rac1 Qc7
16.Bf1 Qb8 17.Qf2 Bd8 18.Kh1 Bc7 19.Qg1 Kh8 20.Nab1 Rg8 21.Nd2 g5 22.Bd4 Rg6
23.Be2 Rcg8 24.b4 Ba8 25.Nf1 h5 26.Qf2 Kh7 27.Be3 Qf8 28.c5 dxc5 29.bxc5 Nxc5
30.Na4 g4 31.Nxc5 gxf3 32.Bxf3 bxc5 33.Bxc5 Nxe4 34.Qe3 Nxc5 35.Rxc5 Bxf3
36.Rd2 Rxg2 37.Rxg2 Bxg2+ 38.Kg1 Bd5+  0-1

[Event "Malaga op"]
[Site "Malaga"]
[Date "1999.02.06"]
[Round "4"]
[White "Fernandez Romero, Ernest"]
[Black "Taimanov, Mark E"]
[Result "1/2-1/2"]
[WhiteElo "2188"]
[BlackElo "2424"]

1.e4 c5 2.Nf3 e6 3.d4 cxd4 4.Nxd4 Nc6 5.Nb5 d6 6.c4 a6 7.N5c3 Nf6 8.Be2 Be7
9.O-O O-O 10.Be3 Bd7 11.Nd2 Qb8 12.a3 Na7 13.b4 b5 14.Qb3 bxc4 15.Nxc4 Nb5
16.Nb6 Ra7 17.f3 Rb7 18.Nxd7 Nxd7 19.Nxb5 axb5 20.Rac1 Bd8 21.Rfd1 Bc7 22.g3 Nf6
23.Bg5 h6 24.Bxf6 gxf6 25.Kg2 Kg7 26.Rc6 Rd8 27.Qc3 Rd7 28.f4 Qd8 29.Bf3 Bb8
30.Rc8 Rdc7 31.Rxc7  1/2-1/2

[Event "Budapest FS02 IM"]
[Site "Budapest"]
[Date "1999.02.10"]
[Round "5"]
[White "Szuk, Balazs"]
[Black "Pinter, G."]
[Result "1-0"]
[WhiteElo "2415"]
[BlackElo "2307"]

1.e4 c5 2.Nf3 e6 3.d4 cxd4 4.Nxd4 Nc6 5.Nb5 d6 6.c4 Nf6 7.N1c3 a6 8.Na3 Be7
9.Be2 O-O 10.O-O b6 11.Be3 Ne5 12.f3 Bb7 13.Qd2 Ned7 14.Rfd1 Qc7 15.Bf1 Rfe8
16.Rac1 Rac8 17.Qf2 Bf8 18.g4 h6 19.h4 g6 20.Be2 Qb8 21.Rc2 Bc6 22.Rcd2 Ba8
23.g5 hxg5 24.hxg5 Nh7 25.Qh4 Be7 26.f4 Ndf8 27.Bg4 Red8 28.f5 exf5 29.exf5 d5
30.Nc2 d4 31.Nxd4 Bc5 32.Qf2 gxf5 33.Bxf5 Qe5 34.Bf4 Bxd4 35.Rxd4 Qxf5 36.Rxd8 Qg4+
37.Qg3 Qxg3+ 38.Bxg3 Rxd8 39.Rxd8 Bf3 40.Nd5 Nxg5 41.Nxb6 Ne4 42.Nd7  1-0

[Event "EST-chT"]
[Site "Tallinn"]
[Date "1999.02.28"]
[Round "5"]
[White "Zjukin, Sergei"]
[Black "Seeman, Tarvo"]
[Result "1-0"]
[WhiteElo "2398"]
[BlackElo "2440"]

1.e4 c5 2.Nf3 e6 3.d4 cxd4 4.Nxd4 Nc6 5.Nb5 d6 6.c4 Nf6 7.N1c3 a6 8.Na3 b6
9.Be2 Bb7 10.O-O Ne5 11.f3 Be7 12.Be3 O-O 13.Qb3 Ned7 14.Rfd1 Qc7 15.Rac1 Rac8
16.Bf1 Qb8 17.Kh1 Bd8 18.Nc2 Bc7 19.Bg1 h5 20.a4 h4 21.Nd4 Ne5 22.h3 Nh5
23.Nce2 Rfe8 24.Bf2 Ng6 25.Qa2 Bd8 26.b4 Bg5 27.Rc2 Ba8 28.a5 d5 29.exd5 exd5
30.cxd5 Rxc2 31.Qxc2 bxa5 32.Nc6 Bxc6 33.dxc6 axb4 34.c7 Qc8 35.Rd5 Ne5 36.Qc5 f6
37.Rd6 b3 38.Qd5+ Nf7 39.Rd7 Rf8 40.Bc5 b2 41.Bxf8 Qxd7 42.Qxd7 b1=Q 43.c8=Q Qxf1+
44.Kh2  1-0

[Event "MI Festival"]
[Site "Bucharest"]
[Date "1999.03.28"]
[Round "9"]
[White "Grigore, Nicolae Petre"]
[Black "Velcheva, Maria"]
[Result "1/2-1/2"]
[WhiteElo "2285"]
[BlackElo "2283"]

1.e4 c5 2.Nf3 e6 3.d4 cxd4 4.Nxd4 Nc6 5.Nb5 d6 6.c4 Nf6 7.N1c3 a6 8.Na3 Be7
9.Be2 O-O 10.O-O Bd7 11.Be3 Qa5 12.Qd2 Rfd8 13.Rfd1 Be8 14.f3 Rac8 15.Nc2 Qc7
16.Rac1 Ne5 17.Nd4 Kf8 18.b3 Qa5 19.h3 Nc6 20.Nxc6 Bxc6 21.b4 Qxb4 22.Rb1 Qa5
23.Bb6 Qh5 24.Bxd8 Rxd8 25.f4 Qc5+ 26.Kh1 Nxe4 27.Nxe4 Bxe4 28.Bd3 Bc6 29.Qe2 g6
30.Be4 d5 31.cxd5 exd5 32.Bf3 Bf6 33.Rdc1 Qd4 34.g3 Re8 35.Qg2 Rd8 36.Rb3 h5
37.f5 Qe5 38.fxg6 fxg6 39.g4 hxg4 40.Qxg4 Qf5 41.Kg2 Qxg4+ 42.hxg4 Ke7 43.Re1+ Kd6
44.Ree3 Bd7  1/2-1/2

[Event "Dreifluesse op 7th"]
[Site "Passau"]
[Date "1999.04.02"]
[Round "1"]
[White "Rogic, Davor"]
[Black "Stanzl, Matthias"]
[Result "1-0"]
[WhiteElo "2475"]
[BlackElo "1957"]

1.e4 c5 2.Nf3 Nc6 3.d4 cxd4 4.Nxd4 e6 5.Nb5 d6 6.c4 a6 7.N5c3 Nf6 8.Be2 Be7
9.O-O O-O 10.Be3 Rb8 11.Na3 Qc7 12.Rc1 b6 13.f3 Rd8 14.Nd5 Qa7 15.Nxe7+ Qxe7
16.Qe1 Nd7 17.Nc2 Bb7 18.Qf2 Ba8 19.Rfd1 Nc5 20.Nd4 Nxd4 21.Bxd4 a5 22.b3 Rd7
23.Rc2 Rbd8 24.Rcd2 Bc6 25.Qe3 e5 26.Bb2 Rb8 27.Bf1 h6 28.Ba3 Rbd8 29.g3 Qe6
30.h4 Kh7 31.Kh2 g6 32.Bh3 f5 33.h5 Kg7 34.hxg6 Qxg6 35.Bxf5 Qh5+ 36.Kg2 Rf7
37.Rxd6 Rxf5 38.Bxc5 Rxd6 39.Rxd6 Rf6 40.Rxf6 Kxf6 41.Bxb6 a4 42.Qc5 Bd7
43.Qd6+  1-0

[Event "Mar del Plata op 30th"]
[Site "Mar del Plata"]
[Date "1999.04.03"]
[Round "8"]
[White "De las Heras, Juan Carlos"]
[Black "Caceres, Sergio"]
[Result "1-0"]
[WhiteElo "2312"]
[BlackElo "2060"]

1.e4 c5 2.Nf3 e6 3.d4 cxd4 4.Nxd4 Nc6 5.Nb5 d6 6.Bf4 e5 7.Be3 a6 8.N5c3 Nf6
9.Nd5 Nxd5 10.exd5 Ne7 11.f3 g6 12.c4 Bg7 13.Nc3 Nf5 14.Qd2 Nxe3 15.Qxe3 O-O
16.Be2 Qh4+ 17.g3 Qd4 18.Qxd4 exd4 19.Ne4 Rd8 20.Bd3 f5 21.Nf2 Re8+ 22.Kd2 Bd7
23.Rae1 Re3 24.Nd1 Rxe1 25.Rxe1 Kf7 26.Nf2 b5 27.f4 bxc4 28.Bxc4 Bb5 29.Rc1 Rb8
30.Nd3 a5 31.Bxb5 Rxb5 32.Rc7+ Kf8 33.a4 Rb6 34.Ra7 Bf6 35.Rxa5 g5 36.Ra7 gxf4
37.gxf4 h5 38.b4 Bd8 39.Kc2 Rb8 40.Ra6 h4 41.a5 h3 42.Ra7 Kg8 43.a6 Bb6 44.Rb7 Rxb7
45.axb7 Ba7 46.b5 Kg7 47.b6 Bb8 48.Nf2 Kg6 49.Nxh3 Kh5 50.Nf2  1-0

[Event "Kastav"]
[Site "Kastav"]
[Date "1999.04.28"]
[Round "6"]
[White "Ljubicic, Filip"]
[Black "Drei, Andrea"]
[Result "1-0"]
[WhiteElo "2396"]
[BlackElo "2349"]

1.e4 c5 2.Nf3 e6 3.d4 cxd4 4.Nxd4 Nc6 5.Nb5 d6 6.c4 Nf6 7.N1c3 a6 8.Na3 Be7
9.Be2 O-O 10.O-O b6 11.Nc2 Bb7 12.Be3 Rc8 13.b3 Ne5 14.f4 Ned7 15.Bd3 b5
16.Qf3 bxc4 17.bxc4 Qa5 18.Bd2 Qc7 19.Ne3 Nc5 20.Bc2 Bc6 21.Rae1 Nfxe4 22.Nxe4 f5
23.Nxc5 Bxf3 24.Nxe6 Qa7 25.Rxf3 Rfe8 26.Kf1 g6 27.Nxf5 Bf8 28.Nxf8 Rxe1+
29.Bxe1 gxf5 30.Ne6 Kf7 31.Ng5+ Ke8 32.Bxf5 Rxc4 33.Nxh7 Ke7 34.Bd3 Rc1 35.f5 Qd4
36.f6+ Kd7 37.Nf8+ Kc6 38.Ng6 Qa1 39.f7 Rxe1+ 40.Kf2 Re6 41.Kg3 Qe1+ 42.Kh3 Re8
43.fxe8=Q+ Qxe8 44.g4 a5 45.Nf4 Qh8+ 46.Kg3 Qe5 47.Rf2 a4 48.h4 Qe3+ 49.Kg2 a3
50.g5 d5 51.g6 Qe5 52.Kf3 Qa1 53.h5 Qd1+ 54.Re2 Qg1 55.Rg2 Qd1+ 56.Kg3 Qe1+
57.Kg4  1-0

[Event "Budapest FS05 IM"]
[Site "Budapest"]
[Date "1999.05.02"]
[Round "2"]
[White "Kjetzae, Johnny"]
[Black "Olszewski, Piotr"]
[Result "1/2-1/2"]
[WhiteElo "2225"]
[BlackElo "2349"]

1.e4 c5 2.Nf3 e6 3.d4 cxd4 4.Nxd4 Nc6 5.Nb5 d6 6.c4 Nf6 7.N1c3 a6 8.Na3 Be7
9.Be3 O-O 10.Be2 Bd7 11.O-O Na7 12.Qb3 Bc6 13.f3 Qb8 14.Rfd1 Nc8 15.Rd2 Nd7
16.Rad1 Bd8 17.Kh1 Bb6 18.Bxb6 Ndxb6 19.Qc2 Qc7 20.b4 e5 21.Nd5 Bxd5 22.exd5 Nd7
23.g4  1/2-1/2

[Event "Guillermo Garcia mem-B"]
[Site "Santa Clara"]
[Date "1999.05.02"]
[Round "8"]
[White "Abreu, Arian"]
[Black "Perdomo, Carlos Andres"]
[Result "1-0"]
[WhiteElo "2410"]
[BlackElo "2410"]

1.e4 c5 2.Nf3 e6 3.d4 cxd4 4.Nxd4 Nc6 5.Nb5 d6 6.c4 Nf6 7.N1c3 a6 8.Na3 Be7
9.Be2 O-O 10.O-O b6 11.Be3 Bb7 12.Qb3 Nd7 13.Rfd1 Rb8 14.Rac1 Nc5 15.Qc2 Bf6
16.Nab1 Qc7 17.a3 Ne5 18.f4 Ng6 19.b4 Nd7 20.Qd2 Bxc3 21.Nxc3 Nf6 22.Qxd6 Qxd6
23.Rxd6 Bxe4 24.g3 Ba8 25.Rxb6 Rxb6 26.Bxb6 e5 27.f5 Ne7 28.Bc5 Re8 29.Bxe7 Rxe7
30.Rd1 Rd7 31.Rxd7 Nxd7 32.c5 Bb7 33.Bc4 Kf8 34.Bd5 Bc8 35.Ne4 Nf6 36.Nxf6 gxf6
37.g4 h5 38.h3 hxg4 39.hxg4 Ke7 40.a4 Bd7 41.c6 Be8 42.c7  1-0

[Event "Zalakaros Kupa 18th"]
[Site "Zalakaros"]
[Date "1999.05.19"]
[Round "8"]
[White "Csonka, Attila"]
[Black "Horvath, Gyula"]
[Result "1/2-1/2"]
[WhiteElo "2158"]
[BlackElo "2466"]

1.e4 c5 2.Nf3 e6 3.d4 cxd4 4.Nxd4 Nc6 5.Nb5 d6 6.c4 Nf6 7.N1c3 a6 8.Na3 Be7
9.Be3 b6 10.f3 O-O 11.Qd2 Bb7 12.Nc2 Rc8 13.Rc1 Re8 14.Be2 Ne5 15.b3 d5 16.exd5 exd5
17.cxd5 b5 18.O-O Qc7 19.Bd4 Ned7 20.Ne4 Rcd8 21.Ne3 Qf4 22.g3 Qh6 23.Qb2 Bxd5
24.Nf5 Qg6 25.Nh4 Qh6 26.Nf5 Qg6 27.Nh4 Qh5 28.f4 Qh6 29.Nf2 Bf8 30.Nf5 Qg6
31.Nh4 Qh6 32.Nf5 Qg6 33.Nh4 Qh6  1/2-1/2

[Event "Pula op 13th"]
[Site "Pula"]
[Date "1999.06.01"]
[Round "4"]
[White "Furlan, Miha"]
[Black "Romanishin, Oleg M"]
[Result "0-1"]
[WhiteElo "2340"]
[BlackElo "2572"]

1.e4 c5 2.Nf3 e6 3.d4 cxd4 4.Nxd4 Nc6 5.Nb5 d6 6.Bf4 e5 7.Be3 a6 8.N5c3 Nf6
9.Bg5 Be7 10.Bxf6 Bxf6 11.Bc4 O-O 12.O-O Be6 13.Nd5 Bg5 14.Bb3 Rc8 15.Re1 Nd4
16.c3 Nxb3 17.axb3 f5 18.c4 f4 19.f3 Bh4 20.Re2 g5 21.Nbc3 g4 22.Kh1 Kh8
23.Rd2 Qg5 24.Ne2 gxf3 25.gxf3 Rg8 26.Ng1 Rg6 27.Qf1 Rcg8 28.Nc3 Qd8 29.Nge2 Qb6
30.Rad1 Qxb3 31.Rxd6 Qxc4 32.Nd5 Bh3 33.Qxh3 Qxe2  0-1

[Event "EUCup99 (Women)"]
[Site "Nova Gorica"]
[Date "1999.06.29"]
[Round "2"]
[White "Bojkovic, Natasa"]
[Black "Ioseliani, Nana"]
[Result "0-1"]
[WhiteElo "2424"]
[BlackElo "2493"]

1.e4 c5 2.Nf3 e6 3.d4 cxd4 4.Nxd4 Nc6 5.Nb5 d6 6.c4 Nf6 7.N5c3 Be7 8.Be2 O-O
9.O-O a6 10.Bf4 b6 11.Re1 Bb7 12.Nd2 Ne5 13.Rc1 Rc8 14.Bf1 Qc7 15.h3 Qb8
16.b3 Qa8 17.Qe2 Nfd7 18.Qe3 Bc6 19.a4 f5 20.exf5 Rxf5 21.Ne2 Rcf8 22.Bg3 Nc5
23.Nd4 Bg5 24.Qc3 R5f6 25.Nxc6 Qxc6 26.Rcd1 Bf4 27.b4 Nxa4 28.Qd4 Bxg3 29.fxg3 Rg6
30.Ne4 Nf7 31.Be2 e5 32.Qd5 Qxd5 33.Rxd5 Ng5 34.Nxd6 Nc3 35.Rxe5 Rxd6 36.Rxg5 Re6
37.c5 Rxe2 38.Rxe2 Nxe2+ 39.Kh2 Rb8 40.Re5 Nd4 41.Rd5 Nc6 42.Rd6 Nxb4 43.cxb6 Kf8  0-1

[Event "Hotel Irottko GM"]
[Site "Koszeg"]
[Date "1999.06.30"]
[Round "8"]
[White "Hoffmann, Michael"]
[Black "Zontakh, Andrey"]
[Result "0-1"]
[WhiteElo "2407"]
[BlackElo "2530"]

1.e4 c5 2.Nf3 e6 3.d4 cxd4 4.Nxd4 Nc6 5.Nb5 d6 6.Bf4 e5 7.Be3 Be7 8.Nd2 a6
9.Nc3 Nf6 10.Nc4 Rb8 11.Nb6 Be6 12.Nbd5 O-O 13.a4 Bxd5 14.exd5 Na5 15.Bd3 Rc8
16.Qe2 Qc7 17.Bf5 Rcd8 18.Bd3 e4 19.Nxe4 Nxd5 20.O-O Nxe3 21.fxe3 Nc6 22.Nc3 Nb4
23.Kh1 d5 24.Rad1 g6 25.Qf3 Bd6 26.Nxd5 Nxd5 27.Qxd5 Bxh2 28.Qc4 Qe5 29.Rf3 Qh5
30.g4 Qh4 31.Kg2 Be5 32.Rh1 Qg5 33.Kf2 Bxb2 34.Qf4 Qxf4 35.exf4 Rd4 36.Rb1 Rb4
37.Kg2 Rd8 38.Kh3 Rd5 39.Re3 Ra5 40.f5 Raxa4 41.g5 gxf5 42.Bxf5 Bd4 43.Re8+ Kg7
44.Rd1 Ra3+ 45.Kg4 Be5+ 46.Kh5 Raa4  0-1

[Event "SCO-ch"]
[Site "Edinburgh"]
[Date "1999.07.24"]
[Round "9"]
[White "Mannion, Stephen R"]
[Black "Bryson, Douglas M"]
[Result "0-1"]
[WhiteElo "2345"]
[BlackElo "2365"]

1.e4 c5 2.Nf3 e6 3.d4 cxd4 4.Nxd4 Nc6 5.Nb5 d6 6.c4 Nf6 7.N1c3 a6 8.Na3 Be7
9.Be2 O-O 10.O-O b6 11.Be3 Ne5 12.f4 Ned7 13.Bf3 Bb7 14.Qe2 Rc8 15.Rfd1 Qc7
16.Rac1 Rfe8 17.Kh1 Qb8 18.Bg1 Bf8 19.h3 Red8 20.Bh2 Qa8 21.Nc2 Nc5 22.Re1 d5
23.cxd5 exd5 24.e5 Nfe4 25.Bg4 Nd3 26.Nxe4 dxe4 27.Bxc8 Qxc8 28.Qf1 Nxc1
29.Rxc1 e3 30.Nxe3 Qxh3 31.Rc3 Bc5 32.Nd5 Qh5 33.Ne3 Bxe3 34.Rxe3 Rd1 35.Re1 Rd2
36.Re3 Rxg2 37.Qxg2 Qd1+ 38.Bg1 Bxg2+ 39.Kxg2 Qd5+ 40.Rf3 Qxa2 41.Bd4 g6
42.Kf2 Kf8 43.f5 gxf5 44.Rxf5 Qa4 45.Ke3 Qb3+ 46.Ke4 Qc2+ 47.Kf4 Qd3 48.Bc3 b5
49.Rf6 Qc4+ 50.Ke3 b4 51.Bd4 Kg8 52.Rd6 h5 53.Kf4 Qc1+ 54.Kf5 h4 55.Kg4 Qe1
56.Kh5 h3 57.Rd8+ Kh7 58.e6 Qe2+ 59.Kg5 Qg2+ 60.Kf4 Qd2+ 61.Kg4 fxe6 62.Rd7+ Kg6  0-1

[Event "Korinthos op 3rd"]
[Site "Korinthos"]
[Date "1999.07.26"]
[Round "3"]
[White "Panagopoulos, Nikolaos"]
[Black "Banikas, Hristos"]
[Result "0-1"]
[WhiteElo "2332"]
[BlackElo "2507"]

1.e4 c5 2.Nf3 e6 3.d4 cxd4 4.Nxd4 Nc6 5.Nb5 d6 6.c4 Nf6 7.N1c3 a6 8.Na3 b6
9.Be2 Bb7 10.O-O Nb8 11.Bd3 Nbd7 12.Re1 Qc7 13.Bf4 h6 14.Bc2 Be7 15.Qe2 Ne5
16.Ba4+ Kf8 17.Bg3 Rc8 18.Bb3 h5 19.h3 h4 20.Bf4 Ng6 21.Bh2 Rh5 22.Nc2 Rc5
23.Nd4 Nh5 24.Qd2 Kg8 25.f4 Nhxf4 26.Bxf4 Nxf4 27.Qxf4 e5 28.Qf2 exd4 29.Nd5 Bxd5
30.exd5 b5 31.cxb5 Rxb5 32.Ba4 Rb4 33.Bc6 Bf6 34.Qd2 Qb6 35.Qd3 Rxb2 36.Kh1 Be5
37.Qf5 Qd8 38.Rf1 Rc7 39.Rab1 g6 40.Qg4 Rxb1 41.Rxb1 Rc8 42.Rb7 Kg7 43.Kg1 Rb8
44.Qf3 Rxb7 45.Bxb7 d3 46.Bc6 Qb6+ 47.Kf1 Qb1+ 48.Kf2 Bd4+  0-1

[Event "Valoz Cup"]
[Site "Olomouc"]
[Date "1999.08.13"]
[Round "8"]
[White "Aksiuczyc, Monika"]
[Black "Beil, Zdenek"]
[Result "1/2-1/2"]
[WhiteElo "2198"]
[BlackElo "2303"]

1.e4 c5 2.Nf3 Nc6 3.d4 cxd4 4.Nxd4 e6 5.Nb5 d6 6.c4 Nf6 7.N1c3 a6 8.Na3 Be7
9.Be3 Ne5 10.Be2 b6 11.f4 Ned7 12.Bf3 Rb8 13.O-O O-O 14.Qe2 Bb7 15.Rfd1 Qc7
16.Rac1 Rfc8 17.Kh1 Ba8 18.Bd4 h6  1/2-1/2

[Event "FRA-ch qual"]
[Site "Bescanon"]
[Date "1999.08.23"]
[Round "6"]
[White "Philippe, Christophe"]
[Black "Pira, Davoud"]
[Result "1-0"]
[WhiteElo "2260"]
[BlackElo "2397"]

1.e4 c5 2.Nf3 e6 3.d4 cxd4 4.Nxd4 Nc6 5.Nb5 Nf6 6.N1c3 d6 7.Bf4 e5 8.Bg5 a6
9.Na3 b5 10.Bxf6 gxf6 11.Nd5 f5 12.c3 Bg7 13.exf5 Bxf5 14.Nc2 O-O 15.Nce3 Be6
16.Bd3 f5 17.Qh5 Qd7 18.Nb6 Qe8 19.Qxe8 Raxe8 20.O-O Ne7 21.a4 Rb8 22.a5 e4
23.Bb1 b4 24.cxb4 f4 25.Nc2 e3 26.Ba2 Bxa2 27.Rxa2 d5 28.Rd1 d4 29.Ne1 Rf5
30.Nd3 f3 31.gxf3 Rxf3 32.b3 Rf5 33.Rc2 Rg5+ 34.Kh1 Ng6 35.Rg1 Rf5 36.Re2 Rbf8
37.Nc4 exf2 38.Rf1 Rf3 39.Ncb2 Nf4 40.Rexf2 Nxd3 41.Rxf3 Rxf3 42.Rxf3 Nxb2
43.b5 d3 44.Rf2 Bd4 45.Rd2 Kf7 46.bxa6 Ke6 47.a7 Bxa7 48.Rxb2 Kd5 49.b4 Kc4
50.b5 Bd4 51.Rb1 d2 52.Kg2 Bc3 53.a6 Bd4 54.Kf3 Kd3 55.Rd1 Bb6 56.Rh1 Bc5
57.Rf1 h5 58.h3 Bb6 59.Rd1 Ba7 60.Rh1 Bc5 61.Rb1 Ba7 62.Kf4 Bc5 63.b6 Kc2
64.b7 Ba7 65.Rf1 d1=Q 66.Rxd1 Kxd1 67.Ke5 Kc2 68.Kd6  1-0

[Event "Budapest FS09 IM-B"]
[Site "Budapest"]
[Date "1999.09.13"]
[Round "10"]
[White "Valenti, Giuseppe"]
[Black "Wolter, Kai"]
[Result "1/2-1/2"]
[WhiteElo "2227"]
[BlackElo "2344"]

1.e4 c5 2.Nf3 e6 3.d4 cxd4 4.Nxd4 Nc6 5.Nb5 d6 6.c4 Nf6 7.N1c3 a6 8.Na3 Be7
9.Nc2 O-O 10.Ne3 b6 11.Be2 Bb7 12.O-O Nb8 13.f3 Nbd7 14.b3 Qc7 15.Bb2 Rac8
16.Kh1 Rfe8 17.Rc1 Qb8 18.Bd3 Bf8 19.Qd2 Bc6 20.a4 a5 21.Rcd1 Rcd8 22.Ne2 Bb7
23.Ng3 Qa8 24.Bc2 Be7 25.Qf2 Rf8 26.Qd2 Nc5 27.Nef5 exf5 28.Nxf5 Rd7 29.Qg5 Ne6
30.Qh4 Qd8 31.e5 dxe5 32.Rxd7 Qxd7 33.Nxe7+ Qxe7 34.Bxh7+ Kh8 35.Bf5+ Kg8
36.Bh7+ Kh8 37.Bb1+ Kg8  1/2-1/2

[Event "CRO-chT"]
[Site "Pula"]
[Date "1999.09.16"]
[Round "7"]
[White "Rezan, Sasa"]
[Black "Sale, Srdjan"]
[Result "0-1"]
[WhiteElo "2248"]
[BlackElo "2420"]

1.e4 c5 2.Nf3 e6 3.d4 cxd4 4.Nxd4 Nc6 5.Nb5 d6 6.c4 Nf6 7.N1c3 a6 8.Na3 b6
9.Be2 Bb7 10.O-O Be7 11.Be3 O-O 12.Qb3 Nd7 13.Rfd1 Rb8 14.Rac1 Nc5 15.Qc2 Qc7
16.Qd2 Ne5 17.f3 Ng6 18.Bf1 Ba8 19.Nc2 Rfd8 20.Kh1 h6 21.Nd4 Bf6 22.b4 Nd7
23.a4 Rbc8 24.Qf2 Qb8 25.Qa2 Nde5 26.h3 Bg5 27.Bxg5 hxg5 28.c5 dxc5 29.Bxa6 Bb7
30.Bxb7 Qxb7 31.bxc5 Rxc5 32.Nxe6 Rxd1+ 33.Rxd1 fxe6 34.Nb5 Qe7 35.Nd4 Nc4
36.e5 Ngxe5 37.Re1 Qd6 38.Nb3 Rd5 39.Qe2 Rd3  0-1

[Event "Donne Haas mem"]
[Site "Bonnevoie"]
[Date "1999.09.23"]
[Round "6"]
[White "Nezar, Mustapha"]
[Black "Berend, Fred"]
[Result "1-0"]
[WhiteElo "2296"]
[BlackElo "2367"]

1.e4 c5 2.Nf3 Nc6 3.d4 cxd4 4.Nxd4 e6 5.Nb5 d6 6.c4 Nf6 7.N1c3 a6 8.Na3 Be7
9.Be2 b6 10.O-O Bb7 11.Be3 Ne5 12.f3 Qc7 13.Rc1 O-O 14.Qb3 Ned7 15.Rfd1 Rfe8
16.Kh1 Rac8 17.Bf1 Kh8 18.Nab1 Bd8 19.Qa3 Be7 20.Qb3 Bd8 21.Qa3 Be7 22.b4 Qb8
23.Nd2 d5 24.cxd5 exd5 25.Nxd5 Rxc1 26.Qxc1 Bxd5 27.exd5 Bxb4 28.Nb3 Bd6
29.Bg1 Bf4 30.Qc4 Qe5 31.Qxa6 Nh5 32.g4 Nhf6 33.Qc4 h5 34.gxh5 Qf5 35.d6 Nxh5
36.Nd4 Qf6 37.Qb5 Re5 38.Qxd7 Rd5 39.Qe8+  1-0

[Event "Paks 09 GM"]
[Site "Paks"]
[Date "1999.09.26"]
[Round "6"]
[White "Acs, Peter"]
[Black "Borgo, Giulio"]
[Result "1-0"]
[WhiteElo "2525"]
[BlackElo "2444"]

1.e4 c5 2.Nf3 Nc6 3.d4 cxd4 4.Nxd4 e6 5.Nb5 d6 6.c4 Nf6 7.N1c3 a6 8.Nd4 Qc7
9.Be2 Be7 10.O-O O-O 11.Be3 Ne5 12.Rc1 b6 13.f4 Ned7 14.Bf3 Bb7 15.f5 exf5
16.Nxf5 Rfe8 17.Nd5 Nxd5 18.cxd5 Qd8 19.Bh5 Ne5 20.Bd4 Bf6 21.Qb3 b5 22.Qb4 g6
23.Nxd6 a5 24.Nxe8 Qxe8 25.Qd2 Qe7 26.Be2 Bg5 27.Be3 Bxe3+ 28.Qxe3 b4 29.Qb6 Bc8
30.Qc7 Qg5 31.h4 Qg3 32.Qd8+ Kg7 33.Rxc8 Qe3+ 34.Rf2 Rxc8 35.Qxc8  1-0

[Event "SLO-ch"]
[Site "Kranj"]
[Date "1999.10.04"]
[Round "3"]
[White "Srebrnic, Vojko"]
[Black "Kovac, Boris"]
[Result "1/2-1/2"]
[WhiteElo "2262"]
[BlackElo "2304"]

1.e4 c5 2.Nf3 e6 3.d4 cxd4 4.Nxd4 Nc6 5.Nb5 d6 6.Bf4 e5 7.Be3 Nf6 8.Bg5 a6
9.N5c3 Be7 10.Bxf6 Bxf6 11.Nd5 Bg5 12.Bd3 Be6 13.Nbc3 b5 14.a3 Ne7 15.h4 Bh6
16.Nxe7 Qxe7 17.Be2 O-O 18.Bg4 Rac8 19.Bxe6 Qxe6 20.Qd3 Rc4 21.Rd1 Rd4 22.Qe2 f5
23.Rh3 fxe4 24.Nxe4 Rxd1+ 25.Qxd1 d5 26.Ng5 Bxg5 27.hxg5 g6 28.Rf3 Rf5 29.Rxf5 gxf5
30.Qd3 f4 31.Qc3 Kg7 32.Qc7+ Kg6 33.Qd8 e4 34.Qf8 Kxg5 35.Qg7+ Qg6 36.Qe5+ Qf5
37.Qg7+ Kh5 38.Qg8 h6 39.Qe8+ Qg6 40.Qe5+ Qg5 41.Qe8+ Qg6 42.Qe5+ Qg5  1/2-1/2

[Event "Zuglo Hotel op 3rd"]
[Site "Budapest"]
[Date "1999.10.21"]
[Round "6"]
[White "Kovacs, R."]
[Black "Yu Mingyuan"]
[Result "0-1"]
[WhiteElo "2051"]
[BlackElo "2319"]

1.e4 c5 2.Nf3 e6 3.d4 cxd4 4.Nxd4 Nc6 5.Nb5 d6 6.c4 Nf6 7.N1c3 a6 8.Na3 Be7
9.Be2 O-O 10.O-O b6 11.Be3 Bb7 12.Nc2 Qc7 13.f3 Rac8 14.Rc1 Ne5 15.Nd4 Kh8
16.b3 Nfd7 17.Qd2 Qd8 18.Rfd1 g5 19.Qe1 Rg8 20.Qf2 Ng6 21.g3 Qc7 22.Bf1 Nc5
23.Qd2 Ne5 24.Bg2 Rg6 25.Qe2 Ncd7 26.Rd2 Rcg8 27.Qd1 Qb8 28.Nc2 Kg7 29.Bd4 Kf8
30.Na4 Bc6 31.Nc3 h5 32.h3 g4 33.f4 gxh3 34.fxe5 Rxg3 35.Be3 Nxe5 36.Ne1 Rxe3  0-1

[Event "Wch U16"]
[Site "Oropesa del Mar"]
[Date "1999.10.25"]
[Round "2"]
[White "Tripoteau, N."]
[Black "Mastrovasilis, Dimitrios"]
[Result "0-1"]
[WhiteElo "2235"]
[BlackElo "2384"]

1.e4 c5 2.Nf3 e6 3.d4 cxd4 4.Nxd4 Nc6 5.Nb5 d6 6.c4 Nf6 7.N5c3 b6 8.Be2 Bb7
9.O-O Be7 10.Be3 Rc8 11.Na3 O-O 12.f4 Nb8 13.Bf3 Nbd7 14.Qd2 Qc7 15.g4 Nc5
16.Qg2 Qb8 17.g5 Nfd7 18.Rad1 Rfe8 19.h4 Nf8 20.h5 Ncd7 21.f5 Ne5 22.f6 Bd8
23.Be2 a6 24.Bd4 Nfd7 25.Rf4 d5 26.Rdf1 dxe4 27.fxg7 Nf3+ 28.R4xf3 exf3 29.Bxf3 Qf4
30.Ne2 Bxf3 31.Rxf3 Qxg5 32.Ng3 b5 33.Qf2 Ne5 34.Bxe5 Qxe5 35.h6 f5 36.Kg2 Bg5
37.Nh5 Red8 38.Kh3 Bxh6 39.Qh4 Rd2 40.Nf6+ Kf7  0-1

[Event "Wch U16 Girls"]
[Site "Oropesa del Mar"]
[Date "1999.10.28"]
[Round "5"]
[White "Gara, Ticia"]
[Black "Vasquez Ramirez, Rocio"]
[Result "0-1"]
[WhiteElo "2233"]
[BlackElo "2106"]

1.e4 c5 2.Nf3 e6 3.d4 cxd4 4.Nxd4 Nc6 5.Nb5 d6 6.Bf4 e5 7.Be3 Nf6 8.Bg5 a6
9.N5c3 Be7 10.Bxf6 Bxf6 11.Nd2 Be6 12.Nc4 Nd4 13.Ne3 Rc8 14.Bd3 O-O 15.O-O Bg5
16.Ncd5 Nc6 17.c3 Ne7 18.Nxe7+ Qxe7 19.Qe2 g6 20.Rfd1 Rcd8 21.Bc2 Bxe3 22.Qxe3 d5
23.Qb6 Rd6 24.Qc5 Rc8 25.Qa3 d4 26.Rd2 Qg5 27.f4 Qd8 28.fxe5 Rd7 29.Rad1 Bg4
30.Rf1 Qg5 31.Rdf2 d3 32.Bd1 Bxd1 33.Rxd1 Qxe5 34.Qb4 b5 35.Qa5 Rd6 36.a4 Rc4
37.axb5 Rxe4 38.Qa1 Re2 39.bxa6 Qe3 40.Rf1 Rxf2 41.Rxf2 Rf6 42.Qf1 d2  0-1

[Event "Wch U16"]
[Site "Oropesa del Mar"]
[Date "1999.11.01"]
[Round "8"]
[White "Zubov, Alexander"]
[Black "Mastrovasilis, Dimitrios"]
[Result "1-0"]
[WhiteElo "2479"]
[BlackElo "2384"]

1.e4 c5 2.Nf3 e6 3.d4 cxd4 4.Nxd4 Nc6 5.Nb5 Bc5 6.N1c3 a6 7.Nd6+ Ke7 8.Bf4 e5
9.Nf5+ Kf8 10.Be3 d6 11.Bxc5 dxc5 12.Qxd8+ Nxd8 13.Nd6 Bd7 14.O-O-O Bc6 15.Nc4 f6
16.Nb6 Rb8 17.Bc4 Ke8 18.Ncd5 Ne6 19.f3 Bxd5 20.Bxd5 Nc7 21.Bb3 Ne7 22.Ba4+ Kf7
23.Rd7 Nb5 24.Bb3+ Ke8 25.Rdd1 Nd4 26.Ba4+ Kf7 27.c3 Ne2+ 28.Kd2 Nf4 29.g3 Nh3
30.Ke3 Rhe8 31.Rd7 Red8 32.Nd5  1-0